Central Library OPAC University of Rajshahi

Frontiers of science and philosophy / (Record no. 8180)

MARC details
000 -LEADER
fixed length control field 00920nam a2200277 a 4500
001 - CONTROL NUMBER
control field 8180
003 - CONTROL NUMBER IDENTIFIER
rucl marc code BD-RjUL
005 - DATE AND TIME OF LATEST TRANSACTION
control field 20211208234534.0
008 - FIXED-LENGTH DATA ELEMENTS--GENERAL INFORMATION
fixed length control field 140118s1962 enka 001 0 eng d
035 ## - SYSTEM CONTROL NUMBER
System control number CURL 020000147354(Edi) from jvsc0051
System control number (BD-RjUL)8225
040 ## - CATALOGING SOURCE
Original cataloging agency DLC
Transcribing agency WSU
Modifying agency SER
-- m.c
-- BD-RjUL
Language of cataloging eng
041 ## - LANGUAGE CODE
Language code of text/sound track or separate title eng
082 ## - DEWEY DECIMAL CLASSIFICATION NUMBER
Edition number 20
Classification number 368.01
Author mark and year FRO 1962
100 1# - MAIN ENTRY--PERSONAL NAME
Personal name Hempel, Carl G.
Fuller form of name (Carl Gustav),
9 (RLIN) 25476
245 00 - TITLE STATEMENT
Title Frontiers of science and philosophy /
Statement of responsibility, etc. Carl G. Hempel ... [et al.] ; editor Robert G. Colodny.
260 ## - PUBLICATION, DISTRIBUTION, ETC. (IMPRINT)
Place of publication, distribution, etc. London :
Name of publisher, distributor, etc. Allen & Unwin,
Date of publication, distribution, etc. 1964.
300 ## - PHYSICAL DESCRIPTION
Pagination 288 p. :
Illustrations ill. ;
Size 23 cm.
500 ## - GENERAL NOTE
General note Originally published: Pittsburgh : University of Pittsburgh Press, 1962.
504 ## - BIBLIOGRAPHY, ETC. NOTE
Bibliography, etc includes index
650 #0 - SUBJECT ADDED ENTRY--TOPICAL TERM
Topical term or geographic name as entry element Science
General subdivision Philosophy.
9 (RLIN) 25477
700 1# - ADDED ENTRY--PERSONAL NAME
Personal name Colodny, Robert Garland.
Dates associated with a name 1905-1997
942 ## - ADDED ENTRY ELEMENTS (KOHA)
Source of classification or shelving scheme Dewey Decimal Classification
Koha item type Books
Holdings
Lost status Source of classification or shelving scheme Damaged status Not for loan Collection code Permanent Location Current Location Shelving location Date acquired Source of acquisition Cost, normal purchase price Total Checkouts Full call number Date last seen Copy number Koha item type
  Dewey Decimal Classification   Not For Loan Non-fiction Central Library, University of Rajshahi Central Library, University of Rajshahi   11/07/1966 Asia foundation 0.00   368.01 FRO 1962 18/01/2014 C-1 Books